000
00273nam a2200109Ia 4500
008
200302s9999 xx 000 0 und d
100
_a
Brett Steele
245
_a
Negotiate my Boundary
260
_b
Birkhauser-Publishers for Architecure
260
_c
2006
300
_a
192 P.,
999
_c
5146
_d
5146